| 000 | 00000nam##2200000za#4500 |
| 001 | 9.648157 |
| 003 | CaOODSP |
| 005 | 20200330091832 |
| 007 | ta |
| 008 | 150407|2001||||xxc||||| f|0| 0 eng|d |
| 020 | |a0-662-30428-4 |
| 040 | |aCaOODSP|beng |
| 043 | |an-cn--- |
| 086 | 1 |aE2-340/2000E |
| 110 | 1 |aCanada.|bForeign Affairs and International Trade. |bCanadian Centre for Foreign Policy Development. |
| 245 | 10|aSecond Annual Academic Roundtable: academia and foreign policy: ahead or behind the curve? / |cby Marketa Geislerova. |
| 260 | |aOttawa - Ontario : |bForeign Affairs and International Trade. |c2001. |
| 300 | |a13p. ; |c28 cm. |
| 563 | |aSoftcover |
| 590 | |a01-49|b2001-12-07 |
| 690 | 07|aForeign policy|2gcpds |
| 690 | 07|aExternal relations|2gcpds |
| 720 | 1 |aGeislerova, Marketa |
| 776 | 0#|tReport from the Second Annual Academic Roundtable : |w(CaOODSP)9.686093 |
| 986 | |a6002.4E |